Poesia da paz (Record no. 48897)

MARC details
000 -LÍDER
campo de controle de tamanho fixo 00294 a2200133 4500
001 - NÚMERO DE CONTROLE
campo de controle 48897
040 ## - FONTE DA CATALOGAÇÃO
Instituição que transcreveu o registro Anchieta - Bela Vista
100 ## - ENTRADA PRINCIPAL--NOME PESSOAL
Nome pessoal JONAR, Brasileiro
240 10 - TÍTULO UNIFORME
Título uniforme Poesia da paz
Idioma da obra por
245 10 - TÍTULO
Título Poesia da paz
362 0# - DATAS DE PUBLICAÇÃO E/OU DESIGNAÇÃO SEQUENCIAL
Datas de publicação e/ou designação sequencial 2003
650 #4 - ASSUNTO--TERMO TÓPICO
Cabeçalho tópico ou nome geográfico Literatura infanto-juvenil
942 ## - ELEMENTOS DE ENTRADA ADICIONADOS (KOHA)
Tipo de material Koha Livros
Holdings
Situação do descarte Situação das perdas Situação física Não pode ser emprestado Biblioteca de origem Biblioteca atual Data de aquisição Total de empréstimos Número de chamada completo Código de barras Data de último acesso Data do preço efetivo Tipo de material Koha
        Colégio Anchieta - Bela Vista Colégio Anchieta - Bela Vista 21/11/2023   028.5 R672p ROC POE 1176/BEL 21/11/2023 21/11/2023 Livros